| 000 | 00422cam a2200181ua 4500 | ||
|---|---|---|---|
| 020 | _c1.00 | ||
| 041 |
_ahin _h |
||
| 082 |
_a891.54 _bUPE/TO |
||
| 100 | _aUpendra Nath, Ashk . | ||
| 245 |
_aTouliye / _cUpendra Nath Ashk. _hTextual Documents |
||
| 250 |
_a1 / _b. |
||
| 260 |
_aDelhi : _bRajkamal Prakash , _c1963. |
||
| 300 | _a109 ; . | ||
| 365 | _a1.00 | ||
| 504 | _a | ||
| 942 | _cBK | ||
| 999 |
_c7999 _d7999 |
||